00607nam a2200181Ia 450000500170000000800410001702000150005808200130007310000470008624500580013325000080019126000400019930000130023950000570025294200060030995200950031599900150041020250613040639.0240331s9999 xx 000 0 und d a9552104246 bHITa306 aHiththatiye Sri Vimalakeerthi, Uditha Himi 0aBharathiya dharma shasthra saha sinhala sirith virith a2nd aColombobA.M.D. Gunasena & Coc1989 a317 p ., aA book of Indian Dharma Shastras and Sinhala Customs cL 001040708LaWERCLbWERCLcSSCd2024-03-31l0o 306 HITp3364r2024-03-31w2024-03-31yL c2125d2125